[Event "Russia Charity Tournament"]
[Site "Online"]
[Date "2020.05.12"]
[Round "?"]
[White "Kramnik, Vladimir"]
[Black "Nepomniachtchi, Ian"]
[Result "1-0"]
[WhiteElo "2797"]
[BlackElo "2785"]
[Annotator "TA"]
[PlyCount "75"]
[EventDate "2020.05.12"]
[EventType "tourn"]

{[%evp 9,74,11,7,-25,0,-7,29,29,30,22,32,47,39,43,92,95,88,91,88,87,106,105,112,109,106,100,111,103,110,108,130,123,126,125,496,490,482,467,506,493,501,506,514,511,504,513,477,468,685,662,806,805,787,792,991,950,1811,1643,29991,29992,29996,29994,29996,29992,29992,29993,29999]} 1. c4 c5 2. g3 g6 3. Bg2 Bg7 4. Nc3 Nc6 5. e3 e6 6. b3 {A36: Symmetrical English vs ...g6: 4 Bg2 Bg7.} Nge7 7. Ba3 b6 8. Nge2 {White has an edge.} O-O 9. O-O Bb7 10. d4 d6 11. Qd2 {[#]} Na5 $146 ({Predecessor:} 11... Qb8 12. Rad1 Rd8 13. d5 exd5 14. cxd5 Na5 15. Bb2 Qc7 16. Ne4 Nf5 17. Bxg7 Nxg7 18. Nf6+ Kh8 19. e4 Ba6 20. Qh6 {1-0 (20) Kramnik,V (2753)-Iturrizaga Bonelli,E (2597) Moscow 2019}) 12. d5 exd5 13. cxd5 Ba6 14. Bb2 Bxe2 15. Nxe2 Nf5 16. e4 Bxb2 17. Qxb2 Ng7 18. Rad1 Qe7 19. Rfe1 Rfe8 20. f4 Rad8 21. Nc3 Qf6 $2 {[%mdl 8192] [#]} (21... f6 $16 {is a better chance.} 22. Bf1 Rf8) 22. e5 $1 $18 {[%mdl 512]} dxe5 23. Ne4 Qf5 24. fxe5 Rxe5 25. Rf1 Qxe4 26. Bxe4 Rxe4 27. Qf6 Rd7 28. Rde1 Ne8 (28... Re8 $142 29. Qh4 Ra8) 29. Qf3 ({Weaker is} 29. Rxe4 Nxf6 30. Rxf6 Nb7 $14) 29... Rxe1 30. Rxe1 Nd6 31. Qf6 Nab7 32. h4 h5 {[#]} 33. g4 $1 {White wants to mate with gxh5.} hxg4 {[#]} 34. h5 $1 {[%mdl 512] White mates.} Kh7 (34... gxh5 35. Re5) 35. Kg2 Nf5 36. hxg6+ fxg6 37. Rh1+ Kg8 38. Rh8# {Black did not feel at home in the position after the opening. Accuracy: White = 96%, Black = 57%.} 1-0

[Event "Russia Charity Tournament"]
[Site "Online"]
[Date "2020.05.12"]
[Round "?"]
[White "Karjakin, Sergey"]
[Black "Riazantsev, Alexander"]
[Result "1/2-1/2"]
[WhiteElo "2766"]
[BlackElo "2497"]
[Annotator "TA"]
[PlyCount "84"]
[EventDate "2020.05.12"]
[EventType "tourn"]

{[%evp 13,84,45,40,45,31,25,38,0,24,18,17,8,6,0,2,0,33,22,18,20,56,59,56,11,67,68,85,-8,-12,-11,77,77,77,76,77,71,77,75,106,90,124,120,116,120,116,115,117,106,105,105,193,170,226,226,226,226,225,0,0,0,0,0,0,0,0,0,0,0,0,0,0,0,0]} 1. e4 Nf6 2. e5 Nd5 3. d4 d6 4. Nf3 g6 5. Bc4 Nb6 6. Bb3 Bg7 7. Qe2 O-O 8. h3 {B04: Alekhine's Defence: 4 Nf3.} c5 {now supersedes 8...Nc6.} 9. dxc5 dxc5 10. Nbd2 {White is slightly better.} Nc6 11. O-O Na5 {[#]} 12. Re1 $146 ({Predecessor:} 12. Qb5 Nxb3 13. axb3 Bf5 14. Qxc5 Rc8 15. Qe3 Bxc2 16. Rxa7 Bd3 17. Re1 Ba6 18. Ne4 {0-1 (51) Henriquez Villagra,C (2466)-Bortnyk,O (2505) Durban 2014}) 12... Qc7 {...c4 is the strong threat.} 13. c3 Nxb3 14. axb3 h6 15. Ne4 Be6 16. c4 a5 17. Bf4 a4 18. Qe3 g5 (18... axb3 $11 19. Rxa8 Rxa8) 19. Bg3 $14 axb3 {[#]} 20. Rxa8 ({White should play} 20. Nf6+ $1 $16 {[%mdl 512]} exf6 21. exf6) 20... Rxa8 $11 21. Nxc5 Qc6 (21... Bxc4 $11 22. e6 Qc6) 22. Nxe6 $16 Qxe6 23. Qxb3 Nxc4 24. Qxb7 Rd8 25. Qb4 Nb6 26. h4 g4 27. Nd4 Qc4 28. Qxc4 Nxc4 29. Nf5 {Strongly threatening Re4.} e6 30. Nxg7 Kxg7 {[%mdl 4096] Endgame KRB-KRN} 31. Re4 Rd1+ (31... Nxb2 $16 32. Rxg4+ Kh7) 32. Kh2 $18 Nxb2 (32... Nd2 $142 33. Rxg4+ Kh7) 33. Rxg4+ Kh7 {[#]} 34. h5 $1 Rd5 {[#]} 35. f4 $2 ({White has to play} 35. Bh4 $1 $18) 35... Nd1 $11 {Threatens to win with ...Ne3.The position is equal.} 36. Rh4 Rd2 37. Kg1 Ne3 38. Bf2 Rd1+ 39. Kh2 Nf1+ 40. Kg1 Ne3+ 41. Kh2 Nf1+ 42. Kg1 Ne3+ {Accuracy: White = 87%, Black = 70%.} 1/2-1/2

[Event "Russia Charity Tournament"]
[Site "Online"]
[Date "2020.05.12"]
[Round "?"]
[White "Karjakin, Sergey"]
[Black "Tomashevsky, Evgeny"]
[Result "1/2-1/2"]
[WhiteElo "2766"]
[BlackElo "2695"]
[Annotator "TA"]
[PlyCount "102"]
[EventDate "2020.05.12"]
[EventType "tourn"]

{[%evp 21,102,20,41,25,28,23,17,17,34,10,7,0,22,0,0,0,0,0,31,4,5,-59,-51,-66,-56,-145,-152,-210,-195,-200,-175,-223,-210,-210,-210,-235,-209,-254,-253,-262,-233,-243,-227,-225,-212,-308,-315,-344,-332,-316,-302,-422,-392,-405,-332,-335,-335,-332,-322,-310,-8,-6,0,-287,-159,-158,0,0,0,-146,-120,-130,-8,-8,0,0,0,0,0,0,0,0,0]} 1. e4 e5 2. Nf3 Nc6 3. Bc4 Bc5 4. O-O Nf6 5. d3 d6 6. c3 h6 7. Nbd2 O-O 8. h3 Re8 9. Re1 Bb6 10. a4 a6 11. b4 Be6 12. Bxe6 {C54: Giuoco Piano: 4 c3 Nf6, main lines with 5 d4 and 5 d3.} Rxe6 13. Bb2 {[#]} Ne7 $146 ({Predecessor:} 13... d5 14. Qc2 dxe4 15. dxe4 Nh5 16. Nc4 Nf4 17. Nxb6 cxb6 18. Rad1 Qc8 19. Bc1 Nxb4 {0-1 (59) Svetushkin,D (2532)-Baron,T (2524) Netanya 2019}) 14. Nf1 Ng6 15. c4 (15. a5 $5 {[%cal Ra5b6]} Ba7 16. Ng3 $11) 15... a5 16. b5 Nh5 17. d4 exd4 18. Nxd4 Bxd4 19. Bxd4 Nhf4 20. Ra3 Qe7 21. Ng3 (21. Qf3 $11) 21... Nh4 $15 22. Qg4 {[%csl Gd4][%cal Rg4g7]} Qg5 23. Qxg5 (23. Rd1 $15) 23... hxg5 $17 24. Rc1 (24. b6 $17 Nhxg2 25. Rd1) 24... b6 $19 ({Don't play} 24... Nfxg2 25. c5 $17) 25. f3 {intending Rc2.} Nhxg2 26. Kf2 Nh4 27. Rh1 f6 28. Re3 Kf7 29. Nf1 Rh8 30. Rc3 Nhg6 31. Ne3 Rxh3 32. Rxh3 Nxh3+ 33. Kg3 (33. Kf1 $142 Re8 34. Nd5) 33... Nhf4 {...Ne2+ is the strong threat.} 34. Rc2 Re8 35. Nd5 Rh8 36. Rd2 Rh3+ 37. Kg4 Rh4+ 38. Kg3 Nxd5 39. cxd5 {[%mdl 4096] Endgame Threatening Rc2. KRB-KRN} Nf4 40. Rc2 Rh3+ $2 (40... Ke8 $1 $19 {And now ...f5! would win.} 41. Be3 Kd8) 41. Kg4 $11 Rh4+ $2 {[%mdl 8192]} (41... Rh1 $11 42. Rxc7+ Kg6) 42. Kg3 $19 {[#]} Kg6 (42... Ke8 $1 $19 43. Be3 Kd8 44. Bxf4 Rxf4) 43. Be3 $17 Rh3+ $2 (43... Nh5+ $17 44. Kg2 f5 45. exf5+ Kxf5 46. Rxc7 Rxa4 47. Rf7+ Ke5 48. Bxb6 Nf4+ 49. Kg3 Ra2) 44. Kg4 $11 Rh4+ ({Black should try} 44... Rh7 $11) 45. Kg3 $17 f5 {aiming for ...Rh3+.} 46. Rxc7 {[#]} fxe4 (46... Nh5+ $1 $17 47. Kf2 fxe4 48. fxe4 Rxe4 49. Bxb6 Rxa4) 47. fxe4 $11 {The position is equal.} Rh3+ 48. Kf2 Rh2+ 49. Kg3 Rh3+ 50. Kf2 Rh2+ 51. Kg3 Rh3+ {Accuracy: White = 62%, Black = 76%.} 1/2-1/2

[Event "Russia Charity Tournament"]
[Site "Online"]
[Date "2020.05.12"]
[Round "?"]
[White "Grischuk, Alexander"]
[Black "Nepomniachtchi, Ian"]
[Result "1/2-1/2"]
[WhiteElo "2765"]
[BlackElo "2785"]
[Annotator "TA"]
[PlyCount "61"]
[EventDate "2020.05.12"]
[EventType "tourn"]

{[%evp 10,61,1,-8,10,0,14,0,0,0,10,10,0,11,8,-58,-28,-38,-64,-92,54,49,44,38,35,41,37,8,5,8,8,8,8,10,11,12,9,0,0,1,0,0,0,0,0,0,0,0,8,0,0,0,8,0]} 1. d4 Nf6 2. Nf3 g6 3. Bf4 Bg7 4. e3 O-O 5. Be2 d6 6. O-O b6 {A48: 1 d4 Nf6 2 Nf3 g6: Torre, London and Colle Systems.} 7. c4 Bb7 8. Qc2 Nbd7 9. Nc3 Nh5 10. Bg5 h6 11. Bh4 g5 12. Bxg5 (12. Ne1 $11) 12... hxg5 $15 13. Nxg5 {[%csl Gg5][%cal Rc2h7]} Nhf6 14. f4 {[#]} e5 $146 (14... e6 $1 $17 15. d5 exd5 16. cxd5 Re8) ({Predecessor:} 14... Bh6 15. Bf3 c6 16. Qf2 Nh7 17. Qg3 Kh8 18. Nce4 f5 19. Qh3 Bxg5 20. Nxg5 Ndf6 {0-1 (34) Youssoupov,M (2231)-Ider,B (2514) Rochefort 2018}) 15. fxe5 $14 dxe5 16. dxe5 Qe7 17. exf6 {[%csl Gg5][%cal Rc2h7]} Qxe3+ {[%mdl 64] Double Attack} 18. Kh1 {[%csl Gg5][%cal Rc2h7] [#]} (18. Rf2 {is interesting.} Nxf6 19. Qc1 Qxc1+ 20. Rxc1 Rad8 21. Rcf1) 18... Qxg5 {[%csl Gb7][%cal Rg5g2] The position is equal.} 19. Bf3 Bxf3 20. fxg7 Bxg2+ 21. Qxg2 Qxg2+ 22. Kxg2 Kxg7 23. Nd5 Rae8 24. Rae1 Re5 25. b3 c6 26. Ne7 Re8 27. Nf5+ Kg6 28. Nh4+ Kg7 29. Nf5+ Kg6 30. Nh4+ Kg7 31. Nf5+ {Accuracy: White = 82%, Black = 88%.} 1/2-1/2

[Event "Russia Charity Tournament"]
[Site "Online"]
[Date "2020.05.12"]
[Round "?"]
[White "Grischuk, Alexander"]
[Black "Inarkiev, Ernesto"]
[Result "1/2-1/2"]
[WhiteElo "2765"]
[BlackElo "2639"]
[Annotator "TA"]
[PlyCount "123"]
[EventDate "2020.05.12"]
[EventType "tourn"]

{[%evp 9,123,6,11,-10,7,11,6,0,0,0,0,3,25,0,0,10,79,66,88,11,14,10,23,-6,0,0,0,0,0,0,0,0,0,0,0,0,0,-81,-79,-94,-83,-88,-42,-143,-143,-143,-143,-184,-184,-184,-183,-265,-262,-265,-262,-262,-243,-373,-369,-348,-350,-343,-322,-363,-356,-341,-339,-429,-410,-358,-255,-232,-224,-225,-193,-218,-200,-199,-183,-572,-565,-541,-526,-526,-511,-506,-468,-397,-8,-8,-8,-8,-8,-708,-8,-8,-8,-8,0,0,0,0,0,0,0,0,0,0,0,0,0,0,0,0,0,0]} 1. d4 d5 2. Nf3 Nf6 3. Bf4 e6 4. e3 Bd6 5. Nbd2 O-O 6. c3 {D02: 1 d4 d5 2 Nf3 sidelines, including 2...Nf6 3 g3 and 2...Nf6 3 Bf4.} Bxf4 7. exf4 b6 8. h4 c5 9. h5 h6 10. Ne5 {[#]} Qd6 $146 ({Predecessor:} 10... Bb7 11. Ndf3 Nc6 12. Nxc6 Bxc6 13. Bd3 Rc8 14. Qe2 Rc7 15. a3 Ba4 16. Kf1 Bb3 {½-½ (30) Giri,A (2768)-Vitiugov,N (2747) Wijk aan Zee 2020}) 11. a3 cxd4 12. cxd4 Ba6 (12... Nc6 $11 {keeps the balance.}) 13. Bxa6 $1 $16 Nxa6 {[#]} 14. Qe2 (14. g4 $1 $16) 14... Nb8 $11 15. Rc1 Nbd7 16. Rc6 Qe7 17. O-O Rfc8 18. Rfc1 Qe8 19. Ndf3 Rxc6 20. Rxc6 Nxe5 21. Nxe5 Rc8 22. Qc2 Rxc6 23. Qxc6 (23. Nxc6 $11 {remains equal.} Nxh5 24. g3) 23... Qxc6 $17 24. Nxc6 Nxh5 $11 {[%mdl 4096] Endgame KN-KN} 25. g3 a6 26. b4 (26. f5 $15) 26... Nf6 $17 27. a4 Kf8 28. a5 bxa5 29. bxa5 Ne4 30. g4 (30. Kf1 {keeps fighting.}) 30... Nd6 $19 31. Kg2 Ke8 32. Kf3 Nc4 33. Ke2 (33. Nb4 $142) 33... Kd7 34. Nb8+ Kd6 35. Nxa6 Nxa5 36. Nc5 Nc6 37. Ke3 g6 38. Nb7+ Ke7 39. Nc5 Na5 40. Nd3 Nc4+ 41. Kf3 f6 42. Nc5 Nd6 43. Ke3 h5 44. f3 $2 (44. f5 {was the crucial defense.}) 44... h4 45. Kf2 Nb5 46. Nb3 Kd6 47. Kg2 g5 48. Kh3 {[#] Now fxg5 and White clings on.} Nc3 $2 (48... Ke7 $1 $19 {White must now prevent ...Kf7.} 49. fxg5 fxg5) 49. fxg5 $11 fxg5 {[#] ...Ne2 is the strong threat.} 50. f4 $1 {[%mdl 512]} gxf4 51. Kxh4 $2 {[%mdl 8192]} (51. Nd2 $11) 51... e5 $2 ({Black should play} 51... Ne2 $19 {Threatens to win with ...f3.} 52. Kh3 f3) 52. dxe5+ $1 {The position is equal.} Kxe5 {Strongly threatening ...Ne4.} 53. g5 d4 54. g6 {aiming for g7.} Nd5 55. g7 Nf6 56. Kg5 f3 {[#] And now ...f2 would win.} 57. Nxd4 $1 {[%mdl 512]} Kxd4 (57... f2 $5 58. Nf3+ $8 Kd6 $11) 58. Kxf6 f2 59. g8=Q {White threatens Qg2 and mate.} f1=Q+ 60. Ke7 Qe2+ 61. Qe6 Qxe6+ 62. Kxe6 {Accuracy: White = 59%, Black = 82%.} 1/2-1/2

[Event "Russia Charity Tournament"]
[Site "Online"]
[Date "2020.05.12"]
[Round "?"]
[White "Svidler, Peter"]
[Black "Karjakin, Sergey"]
[Result "1/2-1/2"]
[WhiteElo "2754"]
[BlackElo "2766"]
[Annotator "TA"]
[PlyCount "50"]
[EventDate "2020.05.12"]
[EventType "tourn"]

{[%evp 13,50,-8,0,-1,0,-5,2,-8,-11,-2,0,-37,-39,-35,-35,-33,0,-10,-27,-23,-23,-22,-29,-26,-12,-39,-37,-43,-43,-30,-16,-42,0,-22,0,-43,-10,-23,0]} 1. Nf3 d5 2. c4 e6 3. b3 d4 4. g3 c5 5. Bg2 Nc6 6. O-O Nf6 7. e3 {The main line 7.e3 scores better than 7.d3.} Be7 8. exd4 {A14: English Opening: 1...e6 with b3 by White.} cxd4 9. Re1 O-O 10. Ba3 {The position is equal.} Nd7 11. d3 a5 12. Bb2 e5 13. Na3 {[#]} Re8 $146 ({Predecessor:} 13... f6 14. Nb5 Nc5 15. Ba3 Nb4 16. Bxb4 axb4 17. Qe2 Bf5 18. Nfxd4 Bxd3 19. Qe3 exd4 20. Qxe7 Qxe7 21. Rxe7 Nxb3 {1-0 (42) Sevastianov,A (2118)-Berovski,K (2349) Sweden 2019}) 14. Nb5 h6 15. Nd2 Nc5 16. Ne4 Bf5 17. Nxc5 Bxc5 18. a3 Rc8 19. Bd5 Qd7 20. Qf3 Re7 21. Bc1 Bg4 22. Qg2 Bf5 23. Qf3 Bg4 24. Qg2 Bh3 25. Qf3 Bg4 {Accuracy: White = 82%, Black = 87%.} 1/2-1/2

[Event "Russia Charity Tournament"]
[Site "Online"]
[Date "2020.05.12"]
[Round "?"]
[White "Svidler, Peter"]
[Black "Tomashevsky, Evgeny"]
[Result "1/2-1/2"]
[WhiteElo "2754"]
[BlackElo "2695"]
[Annotator "TA"]
[PlyCount "84"]
[EventDate "2020.05.12"]
[EventType "tourn"]

{[%evp 11,84,12,13,5,5,7,0,2,2,-6,0,0,0,-2,3,6,4,4,20,11,0,0,0,0,0,0,0,0,31,31,73,23,13,0,32,39,62,41,48,48,54,0,46,-131,-122,-133,-76,-78,-75,-75,-75,-75,-77,-83,-76,-98,-83,-86,-33,-50,-64,-71,0,-54,0,-12,-12,-25,-10,-12,0,-40,0,-17,0]} 1. e4 e5 2. Nf3 Nc6 3. Bb5 Nf6 4. d3 Bc5 5. c3 O-O 6. O-O d6 7. Re1 {C65: Ruy Lopez: Berlin Defence (3...Nf6), unusual lines and 4 0-0 Bc5.} a6 8. Bxc6 bxc6 9. Nbd2 Re8 10. Nf1 h6 11. h3 a5 12. Ng3 a4 13. d4 exd4 {[#]} 14. cxd4 $146 ({Predecessor:} 14. Nxd4 Bd7 15. Qf3 Rb8 16. Ndf5 Re5 17. Qf4 Ne8 18. Re2 Qf6 19. Be3 Bxe3 20. Qxe3 {0-1 (46) Bernadskiy,V (2588)-Chen,Q (2432) Seville 2020}) 14... Bb6 15. Qc2 c5 16. d5 Ba5 17. Bd2 Bxd2 18. Nxd2 Bd7 19. Rad1 Qb8 20. Nc4 Bb5 21. Ne3 Bd7 22. Nc4 Bb5 23. e5 dxe5 24. Nxe5 Qb6 25. Nf5 {Qc3 is the strong threat.} Rad8 26. Qc3 (26. Ng4 $1 $14) 26... Rxd5 (26... Nxd5 {is more complex.} 27. Qf3 Qe6 28. Kh2 c6 29. Nxc6 Qxc6 30. Rxe8+ Rxe8 31. Rxd5 Qc7+) 27. f4 $2 (27. Rxd5 $14 Nxd5 28. Qf3) 27... Rxd1 $17 28. Rxd1 {[#]} Qe6 (28... c4+ $142 $1 29. Qe3 Qxe3+ 30. Nxe3 Nh5) 29. Qxc5 {Black must now prevent Nd4.} Qxf5 30. Qxb5 Qxf4 {[#]} 31. Ng4 $1 {[%mdl 512] Strongly threatening Nxf6+.} Re6 (31... Nxg4 32. Qxe8+) 32. Nxf6+ Rxf6 {[%mdl 4096] Endgame KQR-KQR} 33. Kh1 Kh7 (33... Rb6 {seems wilder.} 34. Qe8+ Kh7 35. Qe2 Qf5 36. Rc1 c5) 34. Qd3+ Rg6 (34... g6 $17) 35. Qc2 f5 36. Rd5 Qf1+ 37. Kh2 Qf4+ 38. Kh1 Rf6 39. Rc5 Qf1+ 40. Kh2 Qf4+ 41. Kh1 ({Don't play} 41. g3 Qf3 $17) 41... Qf1+ 42. Kh2 Qf4+ {Accuracy: White = 84%, Black = 80%.} 1/2-1/2

[Event "Russia Charity Tournament"]
[Site "Online"]
[Date "2020.05.12"]
[Round "?"]
[White "Tomashevsky, Evgeny"]
[Black "Grischuk, Alexander"]
[Result "1/2-1/2"]
[WhiteElo "2695"]
[BlackElo "2765"]
[Annotator "TA"]
[PlyCount "47"]
[EventDate "2020.05.12"]
[EventType "tourn"]

{[%evp 22,47,40,18,42,14,43,0,8,0,10,18,65,59,89,82,81,56,84,70,68,33,25,0,68,0,43,0]} 1. Nf3 Nf6 2. c4 g6 3. Nc3 Bg7 4. g3 O-O 5. Bg2 d6 6. d4 Nbd7 7. O-O e5 8. e4 exd4 9. Nxd4 Re8 10. h3 Nc5 11. Re1 Bd7 $1 {[%mdl 4] is recently more successful than 11...a5.} 12. Kh2 h6 {E68: King's Indian: Fianchetto: 6...Nbd7 7 0-0 e5 8 e4.} 13. b3 a5 {[#]} 14. Ba3 $146 ({Predecessor:} 14. Bb2 a4 15. Rc1 axb3 16. axb3 Ne6 17. Nxe6 Bxe6 18. Qc2 Nd7 19. f4 f5 20. Na4 {1-0 (33) Bajerlein,D (2052)-Jaworski,M (1769) Poznan 2019}) 14... h5 {The position is equal.} 15. Rc1 {[#]} h4 $1 {[%mdl 512]} 16. g4 (16. gxh4 Nfxe4) 16... Bh6 17. Rc2 c6 18. Bc1 Bg7 19. Kh1 Qb6 {[#]} 20. Be3 $1 Qb4 {[%cal Rc5e4]} 21. Bd2 {Black must now prevent Na4.} Qb6 $1 ({Much worse is} 21... Nxg4 $6 22. hxg4 Nd3 23. Rf1 $18) 22. Be3 Qb4 $1 {[%cal Rf6e4]} ({Don't play} 22... Ncxe4 $6 23. Nxe4 Nxe4 {[#]} 24. Ne6 $1 $16 {[%mdl 512]}) 23. Bd2 {Na4 is the strong threat.} Qb6 $1 ({But not} 23... Nxg4 $6 24. hxg4 Nd3 25. Rf1 $18) 24. Be3 {Accuracy: White = 49%, Black = 78%.} 1/2-1/2

[Event "Russia Charity Tournament"]
[Site "Online"]
[Date "2020.05.12"]
[Round "?"]
[White "Inarkiev, Ernesto"]
[Black "Kramnik, Vladimir"]
[Result "0-1"]
[WhiteElo "2639"]
[BlackElo "2797"]
[Annotator "TA"]
[PlyCount "72"]
[EventDate "2020.05.12"]
[EventType "tourn"]

{[%evp 9,72,0,16,16,16,10,12,0,0,0,0,0,0,0,7,0,0,-10,0,21,13,-9,0,0,0,0,42,19,14,0,17,0,0,0,0,0,0,0,0,0,0,0,62,67,194,181,225,174,178,172,179,120,431,427,414,391,403,408,401,403,366,346,711,711,619]} 1. Nf3 d5 2. d4 Nf6 3. Bf4 c5 4. e3 Nc6 5. Nbd2 cxd4 6. exd4 {D02: 1 d4 d5 2 Nf3 sidelines, including 2...Nf6 3 g3 and 2...Nf6 3 Bf4.} Qb6 7. Nb3 Bf5 8. Bd3 {The position is equal.} (8. a4 {looks sharper.} a6 9. c3 Qd8 10. Nh4 Be4 11. f3) 8... Bxd3 9. Qxd3 e6 10. O-O Be7 {[#]} 11. a4 $146 ({Predecessor:} 11. Rfe1 O-O 12. Ne5 Rfc8 13. Nxc6 Qxc6 14. c3 b5 15. Na5 Qb6 16. b4 Ne4 17. Rec1 {½-½ (50) Von Bargen,L (1964)-Tayyar,A (2037) Dortmund 2016}) 11... a6 12. Ne5 Rc8 13. a5 Qb5 14. Qxb5 axb5 15. Nd3 Nd7 16. a6 bxa6 17. Rxa6 f6 18. Re1 Kf7 19. h4 b4 20. Re2 Rhe8 21. g3 Bf8 22. Bd2 Ncb8 23. Ra7 $36 {[%mdl 2048] White is more active.} Rxc2 24. Kf1 Rec8 25. Nbc5 (25. Bf4 $11 Rxe2 26. Bxb8 (26. Kxe2 Ke8 $11)) 25... Bxc5 $14 26. Nxc5 R2xc5 (26... Kg8 $1 $14 27. Bxb4 (27. Nxd7 Nc6 $11 {[%mdl 64] Double Attack}) 27... Rc1+ 28. Kg2 Nxc5 29. Bxc5 Nc6) 27. dxc5 $18 Ke7 28. Bxb4 {[#] Threatens to win with c6+.} Nc6 29. Rb7 e5 30. Ba3 (30. Be1 $18) 30... Ke6 $2 {[%mdl 8192]} (30... Kd8 $16 {is tougher.}) 31. b4 {[%cal Bb2b4,Bb4b5][%mdl 32]} d4 32. b5 Na5 33. Ra7 Nc4 34. c6 Ndb6 35. Bc5 Nd5 $2 {[#]} (35... d3 36. Re1 (36. Rxg7 dxe2+ 37. Kxe2 h5 $15) 36... Nd5) 36. Rc2 Nc3 {[%mdl 32768] Accuracy: White = 96%, Black = 65%. . Loss on time!?} 0-1

[Event "Russia Charity Tournament"]
[Site "Online"]
[Date "2020.05.12"]
[Round "?"]
[White "Riazantsev, Alexander"]
[Black "Tomashevsky, Evgeny"]
[Result "1/2-1/2"]
[WhiteElo "2497"]
[BlackElo "2695"]
[Annotator "TA"]
[PlyCount "70"]
[EventDate "2020.05.12"]
[EventType "tourn"]

{[%evp 16,70,27,27,26,27,37,25,27,15,35,35,39,37,35,17,21,17,25,14,37,30,33,36,31,6,19,0,0,-9,-5,-9,0,-8,6,0,0,0,0,0,6,6,17,6,6,6,7,0,0,0,0,0,0,0,0,0,0]} 1. d4 Nf6 2. c4 e6 3. Nf3 b6 4. a3 Bb7 5. Nc3 Ne4 6. Nxe4 Bxe4 7. e3 Be7 8. Bd3 Bxd3 9. Qxd3 O-O {E12: Queen's Indian: Unusual White 4th moves, 4 a3, 4 Nc3 Bb7 5 a3 and 4 Nc3 Bb7 .} 10. O-O d6 11. e4 Nd7 {White has an edge.} 12. b4 c6 13. Bf4 {[#]} Rc8 $146 ({Predecessor:} 13... Re8 14. d5 exd5 15. cxd5 c5 16. Rac1 Bf8 17. b5 a6 18. a4 axb5 19. axb5 Qf6 {1-0 (44) Browne,W (2540)-Trois,F (2415) Buenos Aires 1979}) 14. Rac1 Nf6 15. Bg5 Re8 16. Rfe1 h6 17. Bh4 Nh5 18. Bxe7 Qxe7 19. Qe3 Nf6 20. Rc2 e5 {The position is equal.} 21. Rce2 c5 22. dxe5 dxe5 23. b5 Rcd8 24. Qc3 Rd6 25. Rd2 Rxd2 26. Nxd2 Qd6 27. Nf3 Nh5 28. g3 g6 29. Re3 Nf6 30. Kg2 Kg7 31. h3 Qe6 32. Qd3 Re7 33. Qc3 Re8 34. Qd3 Re7 35. Qc3 Re8 {Accuracy: White = 96%, Black = 100%.} 1/2-1/2

[Event "Russia Charity Tournament"]
[Site "Online"]
[Date "2020.05.13"]
[Round "8"]
[White "Riazantsev, Alexander"]
[Black "Kramnik, Vladimir"]
[Result "0-1"]
[WhiteElo "2497"]
[BlackElo "2797"]
[Annotator "TA"]
[PlyCount "86"]
[EventDate "2020.05.12"]
[EventType "tourn"]

{[%evp 9,86,11,14,4,4,10,32,-26,-18,-20,-18,-56,-56,-53,-29,-20,-25,-42,-40,-88,-38,-51,-38,-109,-105,-89,-86,-109,-86,-141,-135,-184,-170,-164,-68,-70,-70,-72,-69,-83,-73,-85,-79,-95,-47,-47,-47,-50,0,0,0,0,0,-137,-41,-51,-41,-51,-58,-91,-41,-41,-41,-70,-31,-266,-266,-266,-266,-266,-266,-252,-213,-454,-454,-1184,-1110,-799,-756]} 1. d4 Nf6 2. c4 e6 3. Nf3 d5 4. Bg5 Be7 5. e3 h6 6. Bxf6 {D30: Queen's Gambit Declined: Systems without Nc3.} Bxf6 7. Qc2 {is now more promising than 7.Nc3.} Nd7 {[%cal Bb8d7,Bd7c5,Bc5a4,Ba4c3][%mdl 32] [#]} 8. h4 $146 (8. Nc3 $14) ({Predecessor:} 8. Nc3 c6 9. h4 g6 10. O-O-O O-O 11. e4 dxe4 12. Qxe4 Bg7 13. h5 Nf6 14. Qe3 Ng4 15. Qe1 g5 16. Bd3 Qa5 17. Nd2 Bxd4 18. Qe4 f5 19. Qxd4 {1-0 (48) Fedoseev,V (2672)-Buckels,V (2469) Germany 2020}) 8... dxc4 9. Bxc4 c5 10. dxc5 Nxc5 11. Nc3 Bd7 12. O-O Rc8 13. Rad1 O-O 14. h5 Qc7 15. Nd4 Na4 16. Be2 (16. Nxa4 $15 Qxc4 17. Qxc4 Rxc4 18. Nc3) 16... Nxc3 $17 17. bxc3 Qxc3 18. Qe4 Bxd4 19. Rxd4 (19. Qxd4 $142 Qxd4 20. Rxd4) 19... Bc6 20. Qe5 Bd5 21. a4 Qc7 ({Black should play} 21... Bc4 $19 22. Bxc4 Rxc4) 22. Qxc7 $15 Rxc7 23. e4 Bc6 24. Rb1 e5 25. Rdb4 Rd8 $36 {[%mdl 2048] Black is in control.} 26. Bb5 a5 27. Rc4 Rd4 {[#] ...Rxc4 is the strong threat.} 28. Rc5 Bxe4 29. Rxc7 Bxb1 30. Rxb7 {[%mdl 4096] Endgame KRB-KRB} Bc2 31. Re7 (31. Rb8+ $11 {keeps the balance.} Kh7 32. Be8) 31... e4 (31... f6 $17 32. Ra7 Bxa4 33. Rxa5 Bxb5 34. Rxb5 Rh4 35. Rb8+ Kh7) 32. Re8+ Kh7 33. Rf8 Bb3 34. Kh2 g5 {Strongly threatening ...Kg7.} 35. hxg6+ $1 Kxg6 36. Rg8+ Kf6 (36... Kf5 $5 {[%cal Rb3a4]} 37. Ra8 Bxa4 38. Rxa5 Bxb5 39. Rxb5+ Kg4 $17) 37. Rh8 $2 {Now White is beyond hope.} (37. Ra8 $15) 37... Bxa4 $19 38. Bxa4 {Threatens to win with Bc6. KRB-KR} Kg7 39. Ra8 Rxa4 40. Kg3 Ra2 41. Ra6 $2 (41. Re8) 41... a4 {Black is clearly winning.} 42. Kf4 (42. Ra5 $142 f6 43. Ra8) 42... Rxf2+ {[%mdl 64] [#] Double Attack} 43. Kxe4 Rxg2 {Accuracy: White = 58%, Black = 68%.} 0-1